Missing Word: Southern Rock Quiz Stats

 Plays Quiz Updated Aug 29, 2017

Challenge
Share
Tweet
Embed
Score 0/20 Timer 03:00
0 Plays Today
Title Word % Correct
Sweet ____ AlabamaHome
96.5%
Lookin’ Out My ____ DoorBack
94.9%
Don’t Come Around ____ No MoreHere
93.7%
Gimme ___ Your Lovin’All
92.4%
The _____ Went Down to GeorgiaDevil
91.1%
Don’t Misunderstand __Me
89.7%
____ to HandleHard
86.3%
There Goes Another ____ SongLove
86.2%
Keep Your _____ to YourselfHands
84.9%
Ramblin’ ___Man
84.5%
Title Word % Correct
Fooled Around and ____ in LoveFell
84%
The Night They Drove Old Dixie ____Down
83.3%
Heard __ in a Love SongIt
79.8%
[I Am] So __ to YouIn
63.6%
Flirtin’ with ________Disaster
62.4%
Caught Up in ___You
60.3%
Tuff _____Enuff
59%
Pride and ___Joy
49.4%
Jackie ____Blue
37.4%
Jim _____ [to the Rescue]Dandy
35.6%

Today's Daily Dose

You're not logged in!

Compare scores with friends on all Sporcle quizzes.
Join for Free
OR
Log In

You Might Also Like...

Show Comments

Extras

Top Quizzes Today


Score Distribution

Your Account Isn't Verified!

In order to create a playlist on Sporcle, you need to verify the email address you used during registration. Go to your Sporcle Settings to finish the process.

Report this User

Report this user for behavior that violates our Community Guidelines.

Details: